1354 1713 1007 1678 1056 1632 1050 1823 1801 1136 1343 1179 1393 1255 1691 1630 1093 1907 1380 1081 1928 1426 1665 1011 1297 1962 1442 1252 1241 1364 1980 1978 1336 1173 1468 1152 1969 1373 1829 1099 1532 1766 1202 1810 1525 1376 1167 1576 1238 1219 1005 1101 1951 1608 1859 1905 1769 1365 1688 1415 1348 1716 1145 1017 1042 1090 1608 1021 1667 1338 1336 1917 1913 1075 1455 1813 1281 1318 1821 1811 1573 1911 1093 1740 1560 1286 1321 2000 1484 1835 1565 1743 1175 1272 1397 1859 1984 1151 1700 BCNSPRNW ULIB Ver.6.0+V

เปลี่ยนเป็นภาษาไทย

Change to English
 แสดงรายละเอียดบรรณานุกรม
  กลับหน้าหลัก

Brief Record : Get Marc (ISO 2709) : E-mail record : QR code < ปิดหน้าต่าง
LEADER : 00000nam 2200000uu 4500
001    13399123030
003     ULIB
008    131128s2555||||th 000 0 tha d
020    ^a9786162142789
090    ^aนว^bพ187พ ล.27
100 0  ^aพนมเทียน
245 10 ^aเพชรพระอุมา: จอมพราน เล่ม 3/^cพนมเทียน
250    ^aพิมพ์รวมเล่มครั้งที่ 6
260    ^aกรุงเทพฯ :^bณ บ้านวรรณกรรม,^c2555
300    ^a332 หน้า
505 00 ^a^gล.1-4^tไพรมหากาฬ --^gล.5-8^tดงมรณะ -- ^gล.9-12^tจอมผีดิบมันตรัย -- ^gล.13-16^tอาถรรพณ์นิทรานคร -- ^gล.17-20^tป่าโลกล้านปี -- ^gล.21-24^tแงซายจอมจักรา -- ^gล.25-28^tจอมพราน -- ^gล.29-32^tไอ้งาดำ -- ^gล.33-36^tจิตรางคนางค์-- ^gล.37-40^tนาคเทวี -- ^gล.41-44^tแด่ปางบรรพ์ -- ^gล.45-48^tมงกุฎไพร
650  4 ^aนวนิยายไทย
945    ^p225^l0^i034231
999    ^aเกษร โพธิ์สุวรรณ
รายการนี้ยังไม่มีแท็ก
คุณยังไม่ได้ล็อกอิน คุณสามารถมีกิจกรรมร่วมกับเว็บไซต์ได้ แต่ต้องล็อกอินก่อน ::
  ล็อกอิน

รายการสื่อสารสนเทศ

ลำดับที่ ประเภท เลขเรียก/บาร์โค้ด สถานที่ สถานะ
1. นวนิยาย
นวนิยาย
นว พ187พ ล.27 ฉ.1 
  Barcode: 034231
ห้องสมุดวิทยาเขตสวรรค์ประชารักษ์
►นวนิยาย
บนชั้น
  ขอยืม

รายการใกล้เคียง
    ผู้แต่ง [พนมเทียน]

    หัวเรื่อง [นวนิยายไทย]

BibComment


ยังไม่เคยถูกคอมเมนท์

คอมเมนท์ทรัพยากรรายการนี้
  คอมเมนท์: เพชรพระอุมา จอมพ..


 Copyright 2026. Bcnsprnw @Library